000 00608nam a2200193 i 4500
001 124910
003 ES-MaACL
005 20230906192523.0
007 t|
008 070424q1920 sp ||||1| spa d
245 0 0 _aReal Decreto de 11 marzo de 1919 sobre intensificación de retiros obreros.
260 _a[s.l. :
_bs.n.,
_c1920?]
300 _a13 p. ;
_c22 cm.
490 1 _aPublicaciones del Instituto Nacional de Previsión ;
_v78
500 _aSin portada.
830 0 _aPublicaciones del Instituto Nacional de Previsión ;
_v78
_9181151
852 _aES-MaACL
_jC-12647(1)
999 _c124910
_d124910